| 000 | 01554nac a22002895a 4500 | ||
|---|---|---|---|
| 999 |
_c6451 _d6451 |
||
| 003 | EG-ScBUE | ||
| 005 | 20210915110626.0 | ||
| 008 | 101124s2002 ts a f be 000 0 ara d | ||
| 040 |
_aEG-ScBUE _bara _erda _cEG-ScBUE _dEG-ScBUE |
||
| 082 | 0 | 4 |
_a610.3 _bن ف ي _222 |
| 100 | 1 |
_aابن النفيس، علي بن أبي الحزم، _d1210 or 1211-1288، _eمؤلف. |
|
| 245 | 1 | 2 |
_aالشامل في الصناعة الطبية / _cلعلاء الدين (ابن النفيس) القرشي ؛ دراسة وتحقيق يوسف زيدان. |
| 246 | 3 | 4 | _aShāmil fī al-ṣināʻah al-ṭibbīyah |
| 264 | 1 |
_aأبو ظبي : _bمنشورات المجمع الثقافي، _c2002. |
|
| 300 |
_a13 مجلد : _bإيضاحيات ؛ _c24 سم |
||
| 336 |
_2rdacontent _aنص _btxt |
||
| 337 |
_2rdamedia _aبدون وسيط _bn |
||
| 338 |
_2rdacarrier _aمجلد _bnc |
||
| 504 | _aيشتمل على إرجاعات ببليوجرافية. | ||
| 505 | 2 | _aمج. 7. الأدوية والأغذية : كتاب التاء -- مج. 8. كتاب الثاء، أول كتاب الجيم -- مج. 9. بقية كتاب الجيم، أول كتاب الحاء -- مج. 10. بقية كتاب الحاء، كتاب الخاء -- مج. 12، 13. كتاب الدال، كتاب الذال، كتاب الراء، وأول كتاب الزاي. | |
| 541 | _aDonation. | ||
| 650 | 7 |
_aالطب _vدوائر معارف. _2BUEsh |
|
| 651 | _2BUEsh | ||
| 653 |
_bPPhrm _bGGEN _cJanuary2017 _cJanuary2018 _cFebruary2018 |
||
| 700 | 1 |
_aزيدان، يوسف، _eمحقق. |
|
| 942 | _2ddc | ||